Square Numbers Sprint 1-100 - Statistics

General Stats
  • This quiz has been taken 33 times
  • The average score is 46 of 100
Answer Stats
Number Square % Correct
1 1
100%
2 4
100%
10 100
94%
11 121
94%
4 16
94%
5 25
94%
6 36
94%
7 49
94%
8 64
94%
9 81
94%
3 9
94%
12 144
88%
13 169
88%
14 196
82%
20 400
76%
15 225
71%
16 256
71%
17 289
71%
19 361
71%
40 1600
65%
18 324
65%
30 900
65%
21 441
59%
22 484
59%
23 529
59%
32 1024
53%
33 1089
53%
34 1156
53%
35 1225
53%
36 1296
53%
37 1369
53%
38 1444
53%
39 1521
53%
24 576
53%
25 625
53%
26 676
53%
27 729
53%
28 784
53%
29 841
53%
31 961
53%
50 2500
47%
60 3600
47%
41 1681
41%
42 1764
41%
43 1849
41%
45 2025
41%
55 3025
41%
70 4900
41%
80 6400
41%
100 10000
35%
44 1936
35%
46 2116
35%
47 2209
35%
48 2304
35%
49 2401
35%
51 2601
35%
52 2704
35%
53 2809
35%
54 2916
35%
56 3136
35%
57 3249
35%
58 3364
35%
59 3481
35%
65 4225
35%
75 5625
35%
90 8100
35%
61 3721
29%
62 3844
29%
63 3969
29%
85 7225
29%
95 9025
29%
64 4096
24%
66 4356
24%
67 4489
24%
68 4624
24%
69 4761
24%
71 5041
24%
72 5184
24%
73 5329
24%
74 5476
24%
76 5776
24%
77 5929
24%
78 6084
24%
79 6241
24%
81 6561
24%
82 6724
24%
83 6889
18%
84 7056
18%
86 7396
18%
87 7569
18%
88 7744
18%
89 7921
18%
91 8281
18%
92 8464
18%
93 8649
18%
94 8836
18%
96 9216
18%
97 9409
18%
98 9604
18%
99 9801
18%
No matching quizzes found
Score Distribution
Percent of People with Each Score
Percentile by Number Answered
Your Score History
You have not taken this quiz